000 01010nam0a2200289 4500
001 RU\NLR\BIBL_A\012692414
005 20250624120340.0
010 _912000
035 _a(NLR Aleph) 012692414
090 _a13306879
_c13306879
100 _a20220124d1966 |||y0rusy50 ca
101 0 _akir
102 _aKG
105 _ay z 010gy
181 0 _ai
_baxxe
182 0 _an
200 1 _aАла-Тоо таңшыйт
_e(обондуу ырлар)
_fтүзгѳндѳр Б. Алагушѳв, С. Маймулов
203 _aТекст
_bвизуальный
_cнепосредственный
210 _aФрунзе
_cКыргызстан
_d1966
215 _a290,[1] c.
_d17
300 _aКыргыз республикасынын жана Кыргызстан 40 жылдыгына арналат
541 1 _aАла-Тоо поет
_eстихи
_zrus
702 1 _aАлагушѳв
_bБ.
_gБалбай
_4220
852 _aNLR
_bОНЛ
_jКирг./2-4324
942 _cBOOK
980 _aNB